US State Hangman Quiz Stats

Quiz Updated Mar 29, 2013

Challenge
Share
Tweet
Embed
Score 0/108 Timer 02:00
0 Plays Today
. % Correct
A6???
92.3%
A7???
85.8%
A8???
77.5%
E6???
76%
I7???
73.9%
D6???
72.9%
N6???
72.1%
O7???
71%
V6???
70.7%
6 LETTER STATE???
69.5%
R7???
69.4%
X6???
69.3%
Y6???
68.7%
L7???
68.5%
Q6???
68.5%
J6???
68%
P6???
67.8%
Z6???
67.8%
D7???
67.7%
U6???
67.2%
W6???
67.1%
F6???
67.1%
G6???
66.8%
H6???
66.2%
K6???
66.1%
F7???
65.9%
I8???
65.7%
C6???
64.3%
7 LETTER STATE???
64.3%
J7???
63.9%
R6???
63.8%
X7???
63.8%
Z7???
63.7%
Q7???
63.6%
Y7???
63.5%
V7???
63.4%
. % Correct
O6???
63.3%
B6???
62.9%
L6???
62.8%
K7???
62.6%
W7???
62.5%
T6???
62.3%
M6???
61.8%
I6???
61.7%
S6???
61.7%
H7???
61.4%
C8???
61.1%
P7???
60.5%
G7???
59.7%
N8???
59.6%
B7???
59.3%
E9???
59.2%
G8???
59.1%
H8???
58.7%
U7???
57.2%
M8???
57.2%
8 LETTER STATE???
57.2%
C7???
56.9%
M7???
56%
T7???
54%
F8???
54%
X8???
53.5%
Z8???
53.3%
Q8???
53.2%
B8???
53.2%
S7???
52.9%
I9???
52.8%
V8???
52.8%
Y8???
52.7%
J8???
52.6%
K8???
52%
W8???
51.8%
. % Correct
P8???
51.7%
N7???
50.8%
O9???
50.7%
D8???
50.6%
U8???
48.7%
N9???
48.3%
C9???
47.6%
L8???
47.4%
M9???
47.2%
R8???
45.7%
W9???
44.6%
T8???
44.2%
E7???
43.9%
X9???
42.8%
S8???
42.6%
9 LETTER STATE???
42.3%
O8???
41.9%
Z9???
41.6%
Q9???
41.5%
V9???
41%
Y9???
40.8%
P9???
39.8%
J9???
39.6%
K9???
39.5%
F9???
39.4%
G9???
39%
H9???
38.6%
U9???
38.2%
B9???
37.8%
D9???
37.3%
L9???
35.9%
E8???
35.1%
R9???
34.8%
T9???
33.1%
S9???
32.8%
A9???
17.2%

You're not logged in!

Compare scores with friends on all Sporcle quizzes.
Join for Free
OR
Log In

You Might Also Like...

Show Comments

Extras

Top Quizzes Today


Score Distribution

Your Account Isn't Verified!

In order to create a playlist on Sporcle, you need to verify the email address you used during registration. Go to your Sporcle Settings to finish the process.

Report this User

Report this user for behavior that violates our Community Guidelines.

Details: